000 00485nam a2200181Ia 4500
001 11357
005 20260306162822.0
008 260306t2021||||xx |||||||||||||| ||spa||
041 _aESP
082 _a985.004
_bC265
100 _aContreras Carranza, Carlos
_eAUT
245 0 _aHistoria económica del Perú:
_bdesde la conquista española hasta el presente
260 _c2021
300 _a479 páginas :
_c24 cm.
650 _aGEN
654 _aCHU
942 _cLIB
_dJUS
_fJUS
_2ddc
_n
999 _c11357
_d11357